000 00494nam a2200169Ia 4500
005 20250508163527.0
008 008 250505s9999 xx 000 0 eng d
037 _aTextual
040 _aFEDL
_beng
_cFEDL
041 _aeng
_2eng
084 _a323.352, WOR
_qFEDL
245 0 _aRights of the child
260 _aNew Delhi, India
_bIndian University Association for Continuing Education
_c1990
300 _a83p.
942 _cTEXL
_h323.352, WOR
999 _c1383888
_d1383888